| 000 | 01593cgm a2200241 a 4500 | ||
|---|---|---|---|
| 003 | SA-RiAUC | ||
| 005 | 20260215124740.0 | ||
| 007 | hd b|u uuuu | ||
| 008 | 260211nuuuu |||--- g a fnara c | ||
| 040 |
_aSA-JeALM _bara _cSA-RiAUC _erda |
||
| 082 | 0 | 4 | _a922.583 |
| 090 |
_aم ن 922.583 _b س خ ا |
||
| 100 | 1 |
_aالسخاوي، محمد بن عبد الرحمن بن محمد، _d831-902 هجري. |
|
| 245 | 1 | 0 |
_aترجمة قطب الأولياء الكرام محي الدين أبي زكريا النووي / _cتصنيف شمس الدين أبو الخير محمد بن عبد الرحمن بن محمد بن أبي بكر السخاوي. _h[مصغر] / |
| 264 |
_aالقاهرة : _bجمعية النشر والتأليف الأزهر. _c[1935] |
||
| 300 |
_a88 صفحة؛ _c29 سم. |
||
| 500 | _aأوله : بعد البسملة الحمد لله الذي منح رجالا بسلوكهم ذكرا به المجالس تعطر ... وبعد فهذا جزء استوفيت فيه أحوال شيخ الإسلام إمام ... | ||
| 500 | _aآخره ناقص وينتهي بـ : ... وإخلاصه وتعبده وعدم مجادلته ورفع صوته في تقريره وتمام ورعه وتحريه في قبول الهدية وكف ... إليه ممن لا يقرأ عليه. | ||
| 600 | 1 | 7 |
_aالنووي، يحيى بن شرف بن مري، _d631-676 هجري _vمخطوطات _2aucnm |
| 650 | 7 |
_aالفقهاء الشافعية _vتراجم _vمخطوطات _2aucsh |
|
| 942 |
_2ddc _cRBOOK COPY _n0 |
||
| 949 |
_aSA-JeALM _d260211 _umohamedma123 _n1 |
||
| 999 |
_c14329 _d14329 |
||